Government auditing (Record no. 345932)

000 -LEADER
fixed length control field 00348cam a22001337a 4500
008 - FIXED-LENGTH DATA ELEMENTS--GENERAL INFORMATION
fixed length control field 180718b1987 xxu||||| |||| 00| 0 eng d
082 ## - DEWEY DECIMAL CLASSIFICATION NUMBER
Classification number L9x54 G746
245 ## - TITLE STATEMENT
Title Government auditing
Statement of responsibility, etc. by T.N. Chaturavedi
260 ## - PUBLICATION, DISTRIBUTION, ETC.
Place of publication, distribution, etc. Delhi
Name of publisher, distributor, etc. Ashish
Date of publication, distribution, etc. 1987
300 ## - PHYSICAL DESCRIPTION
Extent 294p.
650 ## - SUBJECT ADDED ENTRY--TOPICAL TERM
Topical term or geographic name entry element (Written off)
650 ## - SUBJECT ADDED ENTRY--TOPICAL TERM
Topical term or geographic name entry element Auditing - India
700 ## - ADDED ENTRY--PERSONAL NAME
Personal name Chaturavedi, T.N.
Holdings
Withdrawn status Lost status Damaged status Not for loan Permanent Location Current Location Date acquired Full call number Barcode Date last seen Price effective from Koha item type Source of classification or shelving scheme
        Indian Institute of Public Administration Indian Institute of Public Administration 2011-03-17 L9x54 G746 63445 2018-07-21 2018-07-21 Book  
        Indian Institute of Public Administration Indian Institute of Public Administration 1993-10-09 L9x54 G746 63126 2018-07-21 2018-07-21 Book  
        Indian Institute of Public Administration Indian Institute of Public Administration 2021-03-15 TNC L9x54 G746\c.3 GR22706 2021-03-15 2021-03-15 GR  

Powered by Koha